00329nam a2200133Ia 4500008004100000041000800041082001500049100001800064245004400082260002600126300000800152365001700160700001800177230718s9999 xx 000 0 und d aeng a629.8bBEL aBelanger P.R. aControl Engineering bA Modern Approach c1995bSaunder College a470 cRs.b2166.00 aBelanger P.R.